[Event "45th FIDE Chess Olympiad Open"]
[Site "Budapest, Hungary"]
[Date "2024.09.22"]
[Round "11"]
[White "Supi, Luis Paulo"]
[Black "Suleymanli, Aydin"]
[Result "1/2-1/2"]
[Board "33"]
[WhiteFideId "2106388"]
[BlackFideId "13413937"]
[WhiteTitle "GM"]
[BlackTitle "GM"]
[WhiteElo "2570"]
[BlackElo "2632"]
[WhiteTeam "Brazil"]
[BlackTeam "Azerbaijan"]
[WhiteClock "0:24:35"]
[BlackClock "0:23:41"]
[Variant "Standard"]

1. c4 {[%clk 1:30:59]}  Nf6 {[%clk 1:30:52]} 2. Nf3 {[%clk 1:30:55]}  e6 {[%clk 1:31:17]} 3. g3 {[%clk 1:31:06]}  d5 {[%clk 1:31:36]} 4. Bg2 {[%clk 1:31:31]}  Be7 {[%clk 1:32:03]} 5. O-O {[%clk 1:31:54]}  O-O {[%clk 1:32:23]} 6. b3 {[%clk 1:31:32]}  d4 {[%clk 1:30:27]} 7. e3 {[%clk 1:30:48]}  c5 {[%clk 1:30:53]} 8. Ne5 {[%clk 1:28:08]}  Qc7 {[%clk 1:31:07]} 9. exd4 {[%clk 1:28:28]}  cxd4 {[%clk 1:31:07]} 10. Qe2 {[%clk 1:28:54]}  Nc6 {[%clk 1:27:07]} 11. Re1 {[%clk 1:27:21]}  Rd8 {[%clk 1:16:45]} 12. d3 {[%clk 1:22:57]}  Nxe5 {[%clk 1:15:17]} 13. Qxe5 {[%clk 1:23:21]}  Bd6 {[%clk 1:15:13]} 14. Qe2 {[%clk 1:23:13]}  Bd7 {[%clk 0:54:22]} 15. Bg5 {[%clk 1:18:40]}  Be7 {[%clk 0:54:05]} 16. a3 {[%clk 1:10:12]}  Bc6 {[%clk 0:50:27]} 17. Bxf6 {[%clk 1:08:03]}  Bxf6 {[%clk 0:50:45]} 18. Nd2 {[%clk 1:08:26]}  a5 {[%clk 0:49:44]} 19. f4 {[%clk 1:03:11]}  Be7 {[%clk 0:45:17]} 20. Bxc6 {[%clk 0:55:31]}  Qxc6 {[%clk 0:42:43]} 21. Qg2 {[%clk 0:50:42]}  Bd6 {[%clk 0:36:17]} 22. Ne4 {[%clk 0:44:00]}  Bf8 {[%clk 0:36:11]} 23. Nd2 {[%clk 0:41:00]}  Bd6 {[%clk 0:35:32]} 24. Ne4 {[%clk 0:41:05]}  Bf8 {[%clk 0:35:44]} 25. h4 {[%clk 0:33:40]}  Ra6 {[%clk 0:30:59]} 26. Nd2 {[%clk 0:32:11]}  Qxg2+ {[%clk 0:27:33]} 27. Kxg2 {[%clk 0:32:36]}  f6 {[%clk 0:27:59]} 28. h5 {[%clk 0:29:04]}  Kf7 {[%clk 0:28:07]} 29. Kf3 {[%clk 0:29:13]}  Rb6 {[%clk 0:25:51]} 30. g4 {[%clk 0:24:42]}  Be7 {[%clk 0:23:41]} 31. Ke4 {[%clk 0:24:35]} 1/2-1/2

[Event "45th FIDE Chess Olympiad Open"]
[Site "Budapest, Hungary"]
[Date "2024.09.22"]
[Round "11"]
[White "Abasov, Nijat"]
[Black "Fier, Alexandr"]
[Result "1/2-1/2"]
[Board "34"]
[WhiteFideId "13402960"]
[BlackFideId "2107139"]
[WhiteTitle "GM"]
[BlackTitle "GM"]
[WhiteElo "2626"]
[BlackElo "2551"]
[WhiteTeam "Azerbaijan"]
[BlackTeam "Brazil"]
[WhiteClock "0:52:10"]
[BlackClock "1:06:40"]
[Variant "Standard"]

1. e4 {[%clk 1:30:58]}  c5 {[%clk 1:30:47]} 2. Nf3 {[%clk 1:31:22]}  e6 {[%clk 1:31:14]} 3. c3 {[%clk 1:31:46]}  Nf6 {[%clk 1:29:39]} 4. e5 {[%clk 1:32:11]}  Nd5 {[%clk 1:30:07]} 5. d4 {[%clk 1:32:19]}  cxd4 {[%clk 1:30:34]} 6. cxd4 {[%clk 1:32:43]}  d6 {[%clk 1:31:01]} 7. Bc4 {[%clk 1:33:05]}  Be7 {[%clk 1:28:04]} 8. O-O {[%clk 1:33:13]}  O-O {[%clk 1:28:31]} 9. Qe2 {[%clk 1:32:42]}  Bd7 {[%clk 1:27:08]} 10. Bd2 {[%clk 1:28:04]}  Bc6 {[%clk 1:25:12]} 11. Nc3 {[%clk 1:28:13]}  Nxc3 {[%clk 1:19:03]} 12. Bxc3 {[%clk 1:28:33]}  Nd7 {[%clk 1:18:52]} 13. Bd3 {[%clk 1:24:53]}  Nb6 {[%clk 1:15:17]} 14. Rac1 {[%clk 1:20:04]}  Rc8 {[%clk 1:14:26]} 15. Rc2 {[%clk 1:03:18]}  dxe5 {[%clk 1:08:26]} 16. dxe5 {[%clk 1:00:50]}  Nd5 {[%clk 1:08:52]} 17. Bd2 {[%clk 1:00:32]}  Nb4 {[%clk 1:09:09]} 18. Bxb4 {[%clk 1:00:56]}  Bxb4 {[%clk 1:09:36]} 19. Rfc1 {[%clk 0:58:56]}  Bxf3 {[%clk 1:06:08]} 20. Qxf3 {[%clk 0:59:14]}  Rxc2 {[%clk 1:06:36]} 21. Rxc2 {[%clk 0:59:36]}  g6 {[%clk 1:04:44]} 22. Qe4 {[%clk 0:57:21]}  Ba5 {[%clk 1:03:42]} 23. g3 {[%clk 0:54:42]}  Qd7 {[%clk 1:04:04]} 24. Kg2 {[%clk 0:54:25]}  Rc8 {[%clk 1:04:05]} 25. Rxc8+ {[%clk 0:50:00]}  Qxc8 {[%clk 1:04:31]} 26. Qc4 {[%clk 0:50:24]}  Qxc4 {[%clk 1:04:58]} 27. Bxc4 {[%clk 0:50:51]}  Bb6 {[%clk 1:05:22]} 28. f4 {[%clk 0:51:18]}  h5 {[%clk 1:05:47]} 29. Kf3 {[%clk 0:51:45]}  Kf8 {[%clk 1:06:13]} 30. h3 {[%clk 0:52:10]}  Ke7 {[%clk 1:06:40]} 1/2-1/2

[Event "45th FIDE Chess Olympiad Open"]
[Site "Budapest, Hungary"]
[Date "2024.09.22"]
[Round "11"]
[White "Quintiliano, Renato R."]
[Black "Mamedov, Rauf"]
[Result "0-1"]
[Board "35"]
[WhiteFideId "2117568"]
[BlackFideId "13401653"]
[WhiteTitle "GM"]
[BlackTitle "GM"]
[WhiteElo "2499"]
[BlackElo "2637"]
[WhiteTeam "Brazil"]
[BlackTeam "Azerbaijan"]
[WhiteClock "0:12:40"]
[BlackClock "0:58:26"]
[Variant "Standard"]

1. d4 {[%clk 1:30:55]}  d5 {[%clk 1:30:52]} 2. c4 {[%clk 1:31:16]}  dxc4 {[%clk 1:31:19]} 3. Nf3 {[%clk 1:31:34]}  Nf6 {[%clk 1:31:42]} 4. e3 {[%clk 1:31:56]}  e6 {[%clk 1:32:03]} 5. Bxc4 {[%clk 1:32:16]}  c5 {[%clk 1:32:21]} 6. O-O {[%clk 1:32:29]}  a6 {[%clk 1:32:49]} 7. e4 {[%clk 1:29:16]}  Nxe4 {[%clk 1:32:01]} 8. Qe2 {[%clk 1:29:09]}  Nf6 {[%clk 1:29:36]} 9. d5 {[%clk 1:29:30]}  Nxd5 {[%clk 1:26:23]} 10. Rd1 {[%clk 1:29:49]}  Be7 {[%clk 1:26:42]} 11. Nc3 {[%clk 1:30:11]}  Nc6 {[%clk 1:25:15]} 12. Nxd5 {[%clk 1:30:14]}  exd5 {[%clk 1:21:28]} 13. Rxd5 {[%clk 1:30:01]}  Qc7 {[%clk 1:20:39]} 14. Ng5 {[%clk 1:28:08]}  b5 {[%clk 1:16:23]} 15. Qe4 {[%clk 0:20:24]}  bxc4 {[%clk 1:08:05]} 16. Rxc5 {[%clk 0:19:33]}  Bb7 {[%clk 1:02:36]} 17. Bf4 {[%clk 0:19:52]}  Qd7 {[%clk 1:01:01]} 18. Re1 {[%clk 0:20:08]}  O-O-O {[%clk 0:57:45]} 19. Rxc4 {[%clk 0:10:40]}  Bxg5 {[%clk 0:57:37]} 20. Bxg5 {[%clk 0:11:04]}  Rhe8 {[%clk 0:57:55]} 21. Qb1 {[%clk 0:11:26]}  Rxe1+ {[%clk 0:57:19]} 22. Qxe1 {[%clk 0:11:51]}  Qd1 {[%clk 0:57:22]} 23. Rc1 {[%clk 0:12:14]}  Qxe1+ {[%clk 0:57:48]} 24. Rxe1 {[%clk 0:12:42]}  Rd5 {[%clk 0:58:00]} 25. Be3 {[%clk 0:13:01]}  Kd7 {[%clk 0:58:09]} 26. h3 {[%clk 0:12:40]}  Nb4 {[%clk 0:58:26]} 0-1

[Event "45th FIDE Chess Olympiad Open"]
[Site "Budapest, Hungary"]
[Date "2024.09.22"]
[Round "11"]
[White "Mamedyarov, Shakhriyar"]
[Black "Di Berardino, Diego Rafael"]
[Result "1-0"]
[Board "36"]
[WhiteFideId "13401319"]
[BlackFideId "2105446"]
[WhiteTitle "GM"]
[BlackTitle "IM"]
[WhiteElo "2733"]
[BlackElo "2472"]
[WhiteTeam "Azerbaijan"]
[BlackTeam "Brazil"]
[WhiteClock "0:29:42"]
[BlackClock "0:00:40"]
[Variant "Standard"]

1. d4 {[%clk 1:30:57]}  Nf6 {[%clk 1:30:52]} 2. c4 {[%clk 1:31:23]}  g6 {[%clk 1:31:01]} 3. g3 {[%clk 1:31:28]}  c6 {[%clk 1:30:34]} 4. Bg2 {[%clk 1:31:35]}  d5 {[%clk 1:30:57]} 5. Nf3 {[%clk 1:31:54]}  Bg7 {[%clk 1:30:55]} 6. O-O {[%clk 1:32:16]}  O-O {[%clk 1:30:08]} 7. Nc3 {[%clk 1:32:33]}  dxc4 {[%clk 1:26:31]} 8. e4 {[%clk 1:32:55]}  a5 {[%clk 1:19:01]} 9. Qe2 {[%clk 1:33:07]}  b5 {[%clk 1:14:02]} 10. Rd1 {[%clk 1:32:29]}  e6 {[%clk 1:02:32]} 11. e5 {[%clk 1:24:04]}  Nd5 {[%clk 1:02:52]} 12. Ne4 {[%clk 1:23:56]}  Nd7 {[%clk 1:01:01]} 13. h4 {[%clk 1:21:16]}  c5 {[%clk 0:54:42]} 14. Nxc5 {[%clk 1:00:24]}  Nxc5 {[%clk 0:54:07]} 15. dxc5 {[%clk 1:00:47]}  Qc7 {[%clk 0:53:13]} 16. h5 {[%clk 1:01:08]}  Qxc5 {[%clk 0:46:12]} 17. Ng5 {[%clk 0:59:30]}  Ra6 {[%clk 0:33:06]} 18. h6 {[%clk 0:51:29]}  Bh8 {[%clk 0:33:04]} 19. Ne4 {[%clk 0:51:56]}  Qc7 {[%clk 0:32:24]} 20. Nd6 {[%clk 0:50:25]}  Bd7 {[%clk 0:25:04]} 21. Bxd5 {[%clk 0:47:49]}  exd5 {[%clk 0:25:27]} 22. Rxd5 {[%clk 0:48:10]}  Be6 {[%clk 0:15:51]} 23. Rxb5 {[%clk 0:45:58]}  f6 {[%clk 0:15:00]} 24. Rb7 {[%clk 0:43:17]}  Qc6 {[%clk 0:13:25]} 25. Bf4 {[%clk 0:42:07]}  Qc5 {[%clk 0:04:11]} 26. Qe4 {[%clk 0:36:25]}  f5 {[%clk 0:00:47]} 27. Qe2 {[%clk 0:36:37]}  Bd5 {[%clk 0:00:34]} 28. Rb5 {[%clk 0:35:45]}  Qc6 {[%clk 0:01:01]} 29. Rc1 {[%clk 0:33:26]}  Ra7 {[%clk 0:01:27]} 30. Kh2 {[%clk 0:31:31]}  Re7 {[%clk 0:01:45]} 31. Qd2 {[%clk 0:31:00]}  Be6 {[%clk 0:01:58]} 32. Rxa5 {[%clk 0:30:49]}  Rd7 {[%clk 0:01:23]} 33. Qe3 {[%clk 0:30:15]}  Qc7 {[%clk 0:00:37]} 34. Ra6 {[%clk 0:29:57]}  Re7 {[%clk 0:00:40]} 35. b3 {[%clk 0:29:42]} 1-0

[Event "45th FIDE Chess Olympiad Open"]
[Site "Budapest, Hungary"]
[Date "2024.09.22"]
[Round "11"]
[White "Deac, Bogdan-Daniel"]
[Black "Macovei, Andrei"]
[Result "1-0"]
[Board "37"]
[WhiteFideId "1226380"]
[BlackFideId "13904680"]
[WhiteTitle "GM"]
[BlackTitle "IM"]
[WhiteElo "2680"]
[BlackElo "2464"]
[WhiteTeam "Romania"]
[BlackTeam "Moldova"]
[WhiteClock "0:01:21"]
[BlackClock "0:01:12"]
[Variant "Standard"]

1. Nf3 {[%clk 1:30:54]}  Nf6 {[%clk 1:30:35]} 2. d4 {[%clk 1:19:06]}  e6 {[%clk 1:30:34]} 3. c4 {[%clk 1:14:39]}  Bb4+ {[%clk 1:29:43]} 4. Nbd2 {[%clk 1:14:14]}  b6 {[%clk 1:29:50]} 5. e3 {[%clk 1:09:40]}  O-O {[%clk 1:29:03]} 6. Bd3 {[%clk 1:08:19]}  d5 {[%clk 1:28:56]} 7. O-O {[%clk 1:08:27]}  Be7 {[%clk 1:24:10]} 8. b3 {[%clk 0:58:34]}  Bb7 {[%clk 1:22:27]} 9. Bb2 {[%clk 0:58:23]}  Nbd7 {[%clk 1:21:26]} 10. Qc2 {[%clk 0:56:58]}  c5 {[%clk 1:13:56]} 11. cxd5 {[%clk 0:55:21]}  exd5 {[%clk 1:12:16]} 12. Rac1 {[%clk 0:40:46]}  h6 {[%clk 1:04:15]} 13. Ne5 {[%clk 0:39:41]}  Rc8 {[%clk 0:59:56]} 14. Qb1 {[%clk 0:36:15]}  Bd6 {[%clk 0:56:22]} 15. Bf5 {[%clk 0:26:17]}  Re8 {[%clk 0:50:43]} 16. Qa1 {[%clk 0:26:32]}  Bf8 {[%clk 0:44:29]} 17. Nxd7 {[%clk 0:20:58]}  Nxd7 {[%clk 0:44:52]} 18. Rfd1 {[%clk 0:21:11]}  Rc7 {[%clk 0:38:12]} 19. Bg4 {[%clk 0:15:57]}  cxd4 {[%clk 0:33:29]} 20. Bxd4 {[%clk 0:15:40]}  Rxc1 {[%clk 0:30:33]} 21. Rxc1 {[%clk 0:15:18]}  Nc5 {[%clk 0:30:33]} 22. Rd1 {[%clk 0:15:19]}  Ba6 {[%clk 0:26:03]} 23. Nf1 {[%clk 0:11:40]}  Ne4 {[%clk 0:24:00]} 24. Ng3 {[%clk 0:11:54]}  Qg5 {[%clk 0:23:13]} 25. Bf3 {[%clk 0:11:35]}  g6 {[%clk 0:19:03]} 26. Qb1 {[%clk 0:09:59]}  Bb7 {[%clk 0:19:11]} 27. Ba1 {[%clk 0:00:58]}  Bg7 {[%clk 0:14:40]} 28. Bxg7 {[%clk 0:01:09]}  Kxg7 {[%clk 0:15:09]} 29. Bxe4 {[%clk 0:00:56]}  dxe4 {[%clk 0:15:18]} 30. Rd7 {[%clk 0:01:16]}  Re7 {[%clk 0:14:10]} 31. Rxe7 {[%clk 0:00:47]}  Qxe7 {[%clk 0:14:38]} 32. h3 {[%clk 0:01:01]}  Qe5 {[%clk 0:14:00]} 33. Ne2 {[%clk 0:01:10]}  Bc8 {[%clk 0:11:51]} 34. Nd4 {[%clk 0:01:25]}  Bd7 {[%clk 0:09:20]} 35. Qb2 {[%clk 0:01:45]}  Kg8 {[%clk 0:06:49]} 36. b4 {[%clk 0:01:54]}  Qg5 {[%clk 0:03:06]} 37. Kh1 {[%clk 0:01:50]}  Qh5 {[%clk 0:03:22]} 38. Qc2 {[%clk 0:01:56]}  Qe5 {[%clk 0:03:43]} 39. Qc4 {[%clk 0:01:11]}  a5 {[%clk 0:03:13]} 40. Qa6 {[%clk 0:00:38]}  axb4 {[%clk 0:00:38]} 41. Qxb6 {[%clk 0:00:58]}  Be6 {[%clk 0:16:26]} 42. Qd8+ {[%clk 0:27:14]}  Kg7 {[%clk 0:16:30]} 43. Qe7 {[%clk 0:27:37]}  Qf6 {[%clk 0:14:14]} 44. Qxb4 {[%clk 0:27:29]}  Bxa2 {[%clk 0:14:06]} 45. Kg1 {[%clk 0:27:50]}  Qe5 {[%clk 0:13:24]} 46. Qb2 {[%clk 0:27:14]}  Bc4 {[%clk 0:09:55]} 47. Qc3 {[%clk 0:20:29]}  Bd3 {[%clk 0:07:31]} 48. Nf5+ {[%clk 0:20:02]}  Kf6 {[%clk 0:08:00]} 49. Qxe5+ {[%clk 0:19:23]}  Kxe5 {[%clk 0:08:29]} 50. Nxh6 {[%clk 0:19:44]}  f5 {[%clk 0:08:35]} 51. Nf7+ {[%clk 0:19:18]}  Kf6 {[%clk 0:08:36]} 52. Nd8 {[%clk 0:19:25]}  g5 {[%clk 0:07:09]} 53. Nc6 {[%clk 0:16:30]}  f4 {[%clk 0:07:19]} 54. g3 {[%clk 0:14:07]}  Bb5 {[%clk 0:06:25]} 55. Nd4 {[%clk 0:03:27]}  Bd7 {[%clk 0:06:54]} 56. Kh2 {[%clk 0:03:47]}  Ke5 {[%clk 0:05:34]} 57. Ne2 {[%clk 0:02:02]}  fxe3 {[%clk 0:02:24]} 58. fxe3 {[%clk 0:02:29]}  Bb5 {[%clk 0:01:36]} 59. Nc3 {[%clk 0:02:16]}  Bc6 {[%clk 0:01:11]} 60. g4 {[%clk 0:02:23]}  Kd6 {[%clk 0:01:14]} 61. Kg3 {[%clk 0:00:45]}  Kc5 {[%clk 0:01:44]} 62. Ne2 {[%clk 0:00:55]}  Kc4 {[%clk 0:01:24]} 63. Nd4 {[%clk 0:01:05]}  Bd7 {[%clk 0:01:33]} 64. Nf5 {[%clk 0:00:58]}  Kd5 {[%clk 0:01:04]} 65. h4 {[%clk 0:00:38]}  Bxf5 {[%clk 0:00:43]} 66. gxf5 {[%clk 0:01:01]}  Ke5 {[%clk 0:01:12]} 67. hxg5 {[%clk 0:01:21]} 1-0

[Event "45th FIDE Chess Olympiad Open"]
[Site "Budapest, Hungary"]
[Date "2024.09.22"]
[Round "11"]
[White "Lashkin, Jegor"]
[Black "Shevchenko, Kirill"]
[Result "1-0"]
[Board "38"]
[WhiteFideId "13907808"]
[BlackFideId "14129574"]
[WhiteTitle "FM"]
[BlackTitle "GM"]
[WhiteElo "2472"]
[BlackElo "2673"]
[WhiteTeam "Moldova"]
[BlackTeam "Romania"]
[WhiteClock "0:01:20"]
[BlackClock "0:00:31"]
[Variant "Standard"]

1. d4 {[%clk 1:30:51]}  Nf6 {[%clk 1:30:50]} 2. c4 {[%clk 1:31:14]}  g6 {[%clk 1:31:17]} 3. Nc3 {[%clk 1:31:36]}  Bg7 {[%clk 1:31:41]} 4. e4 {[%clk 1:32:02]}  d6 {[%clk 1:32:06]} 5. Nf3 {[%clk 1:32:26]}  O-O {[%clk 1:32:31]} 6. Be2 {[%clk 1:32:52]}  e5 {[%clk 1:32:55]} 7. O-O {[%clk 1:33:16]}  exd4 {[%clk 1:33:22]} 8. Nxd4 {[%clk 1:33:41]}  Re8 {[%clk 1:33:48]} 9. f3 {[%clk 1:33:55]}  c6 {[%clk 1:34:14]} 10. Kh1 {[%clk 1:33:22]}  Nbd7 {[%clk 1:34:39]} 11. Nc2 {[%clk 1:23:06]}  Nb6 {[%clk 1:29:14]} 12. Bg5 {[%clk 1:14:21]}  h6 {[%clk 1:19:04]} 13. Bh4 {[%clk 1:14:32]}  Be6 {[%clk 0:54:03]} 14. b3 {[%clk 1:10:50]}  g5 {[%clk 0:42:51]} 15. Bf2 {[%clk 1:10:46]}  Nh5 {[%clk 0:42:05]} 16. Bd4 {[%clk 0:58:36]}  Nf4 {[%clk 0:40:24]} 17. Bxg7 {[%clk 0:51:16]}  Kxg7 {[%clk 0:40:17]} 18. Nd4 {[%clk 0:51:08]}  Qf6 {[%clk 0:39:08]} 19. Qd2 {[%clk 0:50:23]}  Rad8 {[%clk 0:33:00]} 20. Rae1 {[%clk 0:44:43]}  Nd7 {[%clk 0:28:28]} 21. Bd1 {[%clk 0:38:09]}  Nc5 {[%clk 0:23:02]} 22. Re3 {[%clk 0:36:37]}  Ng6 {[%clk 0:18:22]} 23. g3 {[%clk 0:29:00]}  d5 {[%clk 0:08:50]} 24. cxd5 {[%clk 0:24:57]}  cxd5 {[%clk 0:09:14]} 25. exd5 {[%clk 0:24:39]}  Ne7 {[%clk 0:09:31]} 26. b4 {[%clk 0:12:43]}  Bxd5 {[%clk 0:08:25]} 27. bxc5 {[%clk 0:09:04]}  Bc4 {[%clk 0:08:47]} 28. Rfe1 {[%clk 0:08:43]}  Rxd4 {[%clk 0:09:01]} 29. Qf2 {[%clk 0:08:39]}  Red8 {[%clk 0:06:48]} 30. Ne4 {[%clk 0:07:16]}  Qg6 {[%clk 0:03:43]} 31. Nd6 {[%clk 0:07:04]}  Nc6 {[%clk 0:01:46]} 32. Bc2 {[%clk 0:05:54]}  Bd3 {[%clk 0:01:56]} 33. Rxd3 {[%clk 0:05:28]}  Rxd3 {[%clk 0:02:20]} 34. Re3 {[%clk 0:04:41]}  R3xd6 {[%clk 0:00:38]} 35. Bxg6 {[%clk 0:05:01]}  Rxg6 {[%clk 0:01:06]} 36. Qb2+ {[%clk 0:05:05]}  Rf6 {[%clk 0:01:30]} 37. Qc3 {[%clk 0:03:19]}  Rd5 {[%clk 0:00:38]} 38. Kg2 {[%clk 0:02:01]}  b6 {[%clk 0:01:03]} 39. cxb6 {[%clk 0:02:23]}  axb6 {[%clk 0:01:33]} 40. Re8 {[%clk 0:02:24]}  Rdd6 {[%clk 0:01:04]} 41. Re4 {[%clk 0:25:47]}  Kg8 {[%clk 0:24:26]} 42. Qb2 {[%clk 0:24:32]}  Na5 {[%clk 0:20:26]} 43. h4 {[%clk 0:17:51]}  gxh4 {[%clk 0:20:43]} 44. Rxh4 {[%clk 0:18:12]}  Nb7 {[%clk 0:20:42]} 45. Rg4+ {[%clk 0:17:09]}  Kf8 {[%clk 0:19:53]} 46. Qc2 {[%clk 0:16:12]}  Nc5 {[%clk 0:19:45]} 47. a4 {[%clk 0:11:28]}  Rd5 {[%clk 0:17:53]} 48. Qh7 {[%clk 0:09:29]}  Ke7 {[%clk 0:16:06]} 49. Rg8 {[%clk 0:08:32]}  Rd8 {[%clk 0:12:45]} 50. Rxd8 {[%clk 0:08:20]}  Kxd8 {[%clk 0:11:36]} 51. Qh8+ {[%clk 0:08:32]}  Ke7 {[%clk 0:12:05]} 52. Qc8 {[%clk 0:08:09]}  Nd7 {[%clk 0:12:01]} 53. g4 {[%clk 0:06:15]}  Rg6 {[%clk 0:12:05]} 54. Kf2 {[%clk 0:06:27]}  Rf6 {[%clk 0:12:09]} 55. Kg3 {[%clk 0:06:10]}  Rd6 {[%clk 0:11:46]} 56. Qc3 {[%clk 0:05:57]}  Rg6 {[%clk 0:11:04]} 57. Qb4+ {[%clk 0:04:59]}  Ke8 {[%clk 0:11:20]} 58. Kf2 {[%clk 0:04:56]}  Kd8 {[%clk 0:10:27]} 59. Ke3 {[%clk 0:03:58]}  Re6+ {[%clk 0:10:07]} 60. Kf4 {[%clk 0:03:53]}  Rf6+ {[%clk 0:09:56]} 61. Kg3 {[%clk 0:04:15]}  Rg6 {[%clk 0:10:02]} 62. Kh4 {[%clk 0:04:35]}  f5 {[%clk 0:04:31]} 63. Qb1 {[%clk 0:02:46]}  Rf6 {[%clk 0:04:33]} 64. g5 {[%clk 0:01:25]}  hxg5+ {[%clk 0:03:17]} 65. Kxg5 {[%clk 0:01:53]}  Rc6 {[%clk 0:02:45]} 66. Kxf5 {[%clk 0:01:11]}  Rf6+ {[%clk 0:02:47]} 67. Kg4 {[%clk 0:01:15]}  Kc7 {[%clk 0:02:46]} 68. f4 {[%clk 0:01:34]}  Rc6 {[%clk 0:03:13]} 69. Kg5 {[%clk 0:01:19]}  Rd6 {[%clk 0:03:09]} 70. Qb4 {[%clk 0:01:27]}  Rc6 {[%clk 0:03:27]} 71. f5 {[%clk 0:01:02]}  Kc8 {[%clk 0:03:18]} 72. Qf4 {[%clk 0:00:49]}  Kd8 {[%clk 0:03:32]} 73. Qd4 {[%clk 0:00:54]}  Kc7 {[%clk 0:03:53]} 74. Kf4 {[%clk 0:01:13]}  Kc8 {[%clk 0:04:01]} 75. Qd5 {[%clk 0:01:21]}  Kc7 {[%clk 0:04:27]} 76. Ke3 {[%clk 0:01:09]}  Rc5 {[%clk 0:04:09]} 77. Qd3 {[%clk 0:01:10]}  Rc6 {[%clk 0:04:28]} 78. Qa6 {[%clk 0:01:27]}  Rd6 {[%clk 0:04:18]} 79. Qa7+ {[%clk 0:01:51]}  Kc8 {[%clk 0:04:13]} 80. Qa8+ {[%clk 0:01:17]}  Kc7 {[%clk 0:04:41]} 81. Ke4 {[%clk 0:01:21]}  Nc5+ {[%clk 0:04:59]} 82. Ke3 {[%clk 0:01:35]}  Nd7 {[%clk 0:05:27]} 83. Qa6 {[%clk 0:00:52]}  Rf6 {[%clk 0:04:59]} 84. Qc4+ {[%clk 0:00:59]}  Kd8 {[%clk 0:03:58]} 85. Kf4 {[%clk 0:00:54]}  Rd6 {[%clk 0:02:26]} 86. Kg5 {[%clk 0:01:13]}  Nf6 {[%clk 0:01:12]} 87. Qb4 {[%clk 0:00:42]}  Ne8 {[%clk 0:01:02]} 88. Qe4 {[%clk 0:00:42]}  Nf6 {[%clk 0:00:59]} 89. Qb4 {[%clk 0:00:39]}  Ne8 {[%clk 0:01:23]} 90. Qe1 {[%clk 0:00:40]}  Rc6 {[%clk 0:01:13]} 91. Qe4 {[%clk 0:00:45]}  Kd7 {[%clk 0:00:46]} 92. Qd5+ {[%clk 0:01:02]}  Rd6 {[%clk 0:00:40]} 93. Qb7+ {[%clk 0:01:28]}  Kd8 {[%clk 0:01:07]} 94. Qb8+ {[%clk 0:01:29]}  Ke7 {[%clk 0:01:10]} 95. Qa7+ {[%clk 0:01:45]}  Kf8 {[%clk 0:00:46]} 96. Kf4 {[%clk 0:01:19]}  Rc6 {[%clk 0:01:09]} 97. Ke5 {[%clk 0:01:00]}  Rd6 {[%clk 0:00:32]} 98. Qb7 {[%clk 0:00:58]}  Rf6 {[%clk 0:00:53]} 99. Qd7 {[%clk 0:01:08]}  Rh6 {[%clk 0:01:19]} 100. Qb5 {[%clk 0:00:48]}  Ke7 {[%clk 0:01:31]} 101. Qb4+ {[%clk 0:00:53]}  Kd7 {[%clk 0:00:37]} 102. Qg4 {[%clk 0:00:45]}  Rf6 {[%clk 0:00:34]} 103. Qh3 {[%clk 0:00:38]}  Rf7 {[%clk 0:00:31]} 104. f6+ {[%clk 0:00:51]}  Kd8 {[%clk 0:00:33]} 105. Qd3+ {[%clk 0:01:02]}  Rd7 {[%clk 0:00:40]} 106. Qb3 {[%clk 0:01:11]}  Kc7 {[%clk 0:00:31]} 107. f7 {[%clk 0:01:20]} 1-0

[Event "45th FIDE Chess Olympiad Open"]
[Site "Budapest, Hungary"]
[Date "2024.09.22"]
[Round "11"]
[White "Lupulescu, Constantin"]
[Black "Bologan, Victor"]
[Result "1/2-1/2"]
[Board "39"]
[WhiteFideId "1207822"]
[BlackFideId "13900048"]
[WhiteTitle "GM"]
[BlackTitle "GM"]
[WhiteElo "2590"]
[BlackElo "2598"]
[WhiteTeam "Romania"]
[BlackTeam "Moldova"]
[WhiteClock "0:01:06"]
[BlackClock "0:08:56"]
[Variant "Standard"]

1. d4 {[%clk 1:30:57]}  d6 {[%clk 1:30:55]} 2. Nf3 {[%clk 1:31:22]}  Nf6 {[%clk 1:30:49]} 3. c4 {[%clk 1:31:46]}  g6 {[%clk 1:31:04]} 4. Nc3 {[%clk 1:32:11]}  Bg7 {[%clk 1:31:26]} 5. e4 {[%clk 1:32:30]}  Bg4 {[%clk 1:30:50]} 6. Be2 {[%clk 1:32:07]}  Bxf3 {[%clk 1:30:37]} 7. Bxf3 {[%clk 1:32:32]}  e5 {[%clk 1:30:59]} 8. d5 {[%clk 1:30:42]}  h5 {[%clk 1:31:15]} 9. h4 {[%clk 1:22:54]}  Nbd7 {[%clk 1:29:02]} 10. Bg5 {[%clk 1:20:15]}  Bh6 {[%clk 1:27:08]} 11. Bxh6 {[%clk 1:19:08]}  Rxh6 {[%clk 1:27:31]} 12. Qd2 {[%clk 1:18:02]}  Rh8 {[%clk 1:27:35]} 13. O-O-O {[%clk 1:18:11]}  a5 {[%clk 1:26:19]} 14. g3 {[%clk 1:16:09]}  Kf8 {[%clk 1:17:11]} 15. Bg2 {[%clk 1:12:26]}  Kg7 {[%clk 1:17:12]} 16. Kb1 {[%clk 1:08:57]}  Re8 {[%clk 1:09:05]} 17. Rdf1 {[%clk 0:51:30]}  Qb8 {[%clk 0:59:47]} 18. Bh3 {[%clk 0:38:39]}  Nc5 {[%clk 0:57:03]} 19. Qe2 {[%clk 0:35:37]}  Re7 {[%clk 0:52:55]} 20. Rc1 {[%clk 0:28:35]}  Qa7 {[%clk 0:52:07]} 21. f3 {[%clk 0:27:58]}  a4 {[%clk 0:47:13]} 22. Nb5 {[%clk 0:25:59]}  Qa5 {[%clk 0:47:11]} 23. Rhd1 {[%clk 0:21:22]}  Ne8 {[%clk 0:29:17]} 24. Qd2 {[%clk 0:18:32]}  Qxd2 {[%clk 0:27:31]} 25. Rxd2 {[%clk 0:19:00]}  Kh6 {[%clk 0:24:06]} 26. Rc3 {[%clk 0:18:39]}  Ng7 {[%clk 0:23:16]} 27. b4 {[%clk 0:17:31]}  axb3 {[%clk 0:22:41]} 28. axb3 {[%clk 0:17:58]}  Na6 {[%clk 0:21:04]} 29. Ra2 {[%clk 0:15:15]}  Rf8 {[%clk 0:20:12]} 30. Ra4 {[%clk 0:14:38]}  f5 {[%clk 0:16:34]} 31. b4 {[%clk 0:14:58]}  g5 {[%clk 0:16:23]} 32. hxg5+ {[%clk 0:13:32]}  Kxg5 {[%clk 0:15:00]} 33. c5 {[%clk 0:13:58]}  h4 {[%clk 0:06:04]} 34. gxh4+ {[%clk 0:13:17]}  Kxh4 {[%clk 0:06:17]} 35. Bxf5 {[%clk 0:13:21]}  Nxf5 {[%clk 0:04:24]} 36. exf5 {[%clk 0:13:45]}  e4 {[%clk 0:04:38]} 37. cxd6 {[%clk 0:03:44]}  cxd6 {[%clk 0:05:01]} 38. fxe4 {[%clk 0:03:55]}  Rxe4 {[%clk 0:05:07]} 39. Nxd6 {[%clk 0:04:22]}  Rg4 {[%clk 0:01:35]} 40. Rc4 {[%clk 0:01:40]}  Rxc4 {[%clk 0:01:15]} 41. Nxc4 {[%clk 0:02:07]}  Kg5 {[%clk 0:25:54]} 42. Nd6 {[%clk 0:18:10]}  Nc7 {[%clk 0:24:46]} 43. Kb2 {[%clk 0:12:25]}  Nxd5 {[%clk 0:23:13]} 44. Kb3 {[%clk 0:11:54]}  b6 {[%clk 0:14:58]} 45. Ra1 {[%clk 0:08:21]}  Kf4 {[%clk 0:14:07]} 46. Rd1 {[%clk 0:04:59]}  Ke5 {[%clk 0:12:31]} 47. Nc4+ {[%clk 0:05:12]}  Ke4 {[%clk 0:12:55]} 48. Nd6+ {[%clk 0:05:30]}  Ke5 {[%clk 0:13:20]} 49. Nc4+ {[%clk 0:05:58]}  Ke4 {[%clk 0:13:41]} 50. Re1+ {[%clk 0:05:56]}  Kd4 {[%clk 0:11:53]} 51. Nd6 {[%clk 0:03:15]}  Ne3 {[%clk 0:11:49]} 52. Rc1 {[%clk 0:02:38]}  Kd5 {[%clk 0:07:50]} 53. Nc8 {[%clk 0:02:10]}  Rf6 {[%clk 0:07:59]} 54. Ne7+ {[%clk 0:00:46]}  Kd6 {[%clk 0:08:20]} 55. Re1 {[%clk 0:00:46]}  Nxf5 {[%clk 0:08:31]} 56. Nxf5+ {[%clk 0:01:06]}  Rxf5 {[%clk 0:08:56]} 1/2-1/2